San Antonio Spurs NBA All-Stars - Statistics

General Stats
  • This quiz has been taken 2,004 times
    257 since last reset
  • The average score is 10 of 14
Answer Stats
Players Selections Last % Correct
Tim Duncan 15 2015
99%
Tony Parker 6 2014
98%
David Robinson 10 2001
96%
Manu Ginobili 2 2011
95%
Victor Wembanyama 2 2026
95%
Kawhi Leonard 2 2017
91%
George Gervin 9 1985
83%
De'Aaron Fox 1 2026
79%
LaMarcus Aldridge 3 2019
71%
Dejounte Murray 1 2022
57%
Sean Elliott 2 1996
37%
Alvin Robertson 3 1988
28%
Artis Gilmore 2 1986
25%
Larry Kenon 2 1979
12%
No matching quizzes found
Score Distribution
Percent of People with Each Score
Percentile by Number Answered
Your Score History
You have not taken this quiz since the last reset